Word Ladder: '90s Movies Quiz Stats

 Plays Quiz Updated Jun 19, 2018

Score 0/24 Timer 02:00
0 Plays Today
Clue 4-Letter Word % Correct
A large enclosed shopping areaMALL
98.5%
🎬'You've Got ____' (1998)🎬MAIL
96.9%
🎬'Die ____: With a Vengeance' (1995)🎬HARD
96.9%
🎬'Notting ____' (1999)🎬HILL
96.3%
A space just inside the entrance of a homeHALL
96%
Area with a barn and animalsFARM
95.1%
To cause physical injuryHARM
94%
🎬'____ in Space' (1998)🎬LOST
93.7%
🎬'The ____ That Rocks the Cradle' (1992)🎬HAND
92.2%
To misplace an itemLOSE
91.8%
To record with a video cameraFILM
90.5%
Bring a plane downLAND
90.3%
Clue 4-Letter Word % Correct
To occupy or take up a spaceFILL
89.3%
To publish a blog entryPOST
88.1%
Set up a person for a photoPOSE
88%
🎬'Shakespeare in ____' (1998)🎬LOVE
87.2%
A prickly pretty flowerROSE
87.2%
🎬'The ____' (1993)🎬FIRM
86.6%
A narrow road in a rural areaLANE
86.5%
🎬'____ Star' (1996)🎬LONE
85.7%
Not pre-recordedLIVE
85.2%
Go head first into a poolDIVE
84.9%
To travel constantly without a fixed destinationROVE
78.4%
🎬'The Wings of the ____' (1997)🎬DOVE
76.4%

Today's Daily Dose

You're not logged in!

Compare scores with friends on all Sporcle quizzes.
OR
Log In

Sporcle TV

Today on Sporcle TV


Watch our educational content, quiz creation guides, and fun videos on Sporcle TV.

Show Comments

Extras

Top Quizzes Today


Score Distribution

Your Account Isn't Verified!

In order to create a playlist on Sporcle, you need to verify the email address you used during registration. Go to your Sporcle Settings to finish the process.

Report this User

Report this user for behavior that violates our Community Guidelines.

Details: